000 00683nam a2200289Ia 4500
005 20260324132521.0
008 008 260324s9999 xx 000 0 eng d
020 _a9780429224997
037 _aEBOOK
040 _aCRL
040 _beng
040 _cCRL
041 _2eng
041 _aeng
084 _qCRL
100 _aEli Grushka; Phyllis R. Brown; Susan Lunte
_91189589
245 0 _aAdvances In Chromatography
245 0 _bVolume 43
260 _bTaylor and Francis
260 _c2004
365 _a
365 _b420
856 _uhttp://www.taylorfrancis.com/books/9780429224997
942 _cEBOOK
999 _c1787758
_d1787758